000 00638nam a2200217 a 4500
001 18495
003 CO-ViMGA
008 141112s2004 ck r 000 u spa d
020 _a9681661095
040 _aCO-ViMGA
_bspa
_cCO-ViMGA
082 0 4 _a576 P373
100 1 _aPerez Tamayo, Ruy
_926342
245 1 0 _aMicrobios y enfermedades - Ciencia para todos
260 _aMexico,
_cFondo de cultura económica,
_c2000
300 _a107.p.
490 _aCiencias para todos
590 _aForma de adquisición : Premio - Mincultura - - Precio : 12.000
650 1 4 _aMICROBIOS
_926343
650 1 4 _aMICROORGANISMOS
_93080
942 _2ddc
_cBK
999 _c27786
_d27786